00944nam a2200217 a 450000100100000000500170001000800410002704000250006808200190009310000440011224500810015626000750023730000270031250000620033965000280040165000310042904900090046095201180046995201220058799900170070900002593020240412074252.0110224s19uu dr a 000 p spa d aDO-SdBNPbspacBNPHU aRD861.5bC957m1 aCruz García, Angeolina,d1989-91084410aMi primera ilusión :bpoemas de amor y desamor /cAngeolina Cruz García. aSan Francisco de Macorís, República Dominicana :bRaffy,c[19--?]. a46 p. :bil. ;c21 cm. aIncluye datos biográficos del autor en la contraportada 0aPoesía dominicana966 0aLiteratura dominicana.967 aBNPD 00107-18PDaPDbPDcOId2011-02-24iLF1l0oRD861.5 C957mp25930-10r2020-06-25w2020-06-25yLFPDZNo se presta 0010718PDaPDbPDcCTd2011-02-24iLF1l0oRD861.5 C957mp25930-20r2020-06-25te.2w2020-06-25yLFPDZNo se presta c25422d25422